| 000 | 01234nam a22003497a 4500 | ||
|---|---|---|---|
| 003 | CHAP | ||
| 005 | 20220329133836.0 | ||
| 008 | 971013s1985 r 10010 d | ||
| 010 | _a11662 | ||
| 011 | _a12634 | ||
| 035 | _a15844 | ||
| 040 | _cCHAP | ||
| 082 |
_a630.2515 _bR4 |
||
| 111 | 0 | 0 |
_aReunión Nacional de Agroclimatología ( _n1 _d: 1985 _c: México, D. F.) _996428 |
| 245 | _aMemorias | ||
| 260 |
_aMéxico, D. F. : _bUNAM. Facultad de Filosofía y Letras, _c1985 |
||
| 300 | _a313 p. | ||
| 590 |
_aBATCH-UPD _b10 _c20130110 _lUCH01 _h0316 |
||
| 590 |
_aBATCH-UPD _b10 _c20130110 _lUCH01 _h1732 |
||
| 590 |
_aBATCH-UPD _b10 _c20130409 _lUCH01 _h2349 |
||
| 590 |
_aBATCH-UPD _b10 _c20130914 _lUCH01 _h1126 |
||
| 590 |
_aCONVERSION _b10 _c20130109 _lUCH01 _h1308 |
||
| 650 | 1 | 4 |
_aCultivos y clima. _930392 |
| 650 | 1 | 4 |
_aFenología. _940043 |
| 650 | 1 | 4 |
_aMeteorología agrícola. _975217 |
| 901 | _aBK | ||
| 942 | _cLIBRO | ||
| 949 |
_a630.2515 R4 1985 _bI _cLIBRO _d-28055 _eLIBRO _h3699 _i15844 _si |
||
| 949 |
_a630.2515 R4 _bBC _cCONG _d-149910 _eCONG _h69347 _i15844 _si |
||
| 949 |
_a630.2515 R4 _bBC _cLIBRO _d33724000564191 _eLIBRO _fc.2 _h71547 _i15844 _si |
||
| 949 |
_a630.2515 R4 _bBC _cLIBRO _d33724000564209 _eLIBRO _fc.3 _h71548 _i15844 _si |
||
| 999 |
_c11662 _d11662 |
||